Una línea más o menos recta /
保存先:
| 第一著者: | |
|---|---|
| その他の著者: | , |
| フォーマット: | 図書 |
| 言語: | スペイン語 |
| 出版事項: |
Montevideo, Uruguay :
Estuario,
2018, c2018
|
| シリーズ: | (Estuario Narrativa)
|
| 主題: | |
| タグ: |
タグなし, このレコードへの初めてのタグを付けませんか!
|
MARC
| LEADER | 00000nam^a2200000^a^4500 | ||
|---|---|---|---|
| 001 | 000579184 | ||
| 005 | 20250521000000.0 | ||
| 009 | 20260310132524.174 | ||
| 020 | |a 978-9974-882-49-2 | ||
| 037 | |a Acervo ITESO - Biblioteca | ||
| 041 | |a ESP | ||
| 082 | |a 863. |b CAS | ||
| 100 | |a Casacuberta, Pablo |e (autor) | ||
| 245 | 1 | 4 | |a Una línea más o menos recta / |c P. Casacuberta. |
| 264 | 4 | |a Montevideo, Uruguay : |b Estuario, |c 2018, c2018 | |
| 300 | |a 106 p. | ||
| 336 | |a texto |b txt |2 rdacontenido | ||
| 337 | |a sin mediación |b n |2 rdamedio | ||
| 338 | |a volumen |b nc |2 rdasoporte | ||
| 440 | 1 | |a (Estuario Narrativa) | |
| 521 | |a FIL 2023 DIA | ||
| 649 | |a XX | ||
| 650 | |a Narrativa - |z Uruguay | ||
| 650 | |a Literatura Experimental - |z Uruguay | ||
| 650 | |a Literatura Uruguaya - |y Siglo XXI | ||
| 700 | |a Oreggioni, Laura |e (antología) | ||
| 700 | |a Bravo, Luis |e (antología) | ||
| 910 | |a Fondo General | ||
| 920 | |a Impresos - Libros | ||
| 930 | |a Reserva Especial | ||
| 940 | |a Literatura | ||
| 905 | |a 103 | ||
| 901 | |a 0500405858 |b IT1 |c REE |i C185038 |u 20250521 | ||
| 902 | |a https://opac.biblio.iteso.mx/vufind/Record/000579184 | ||